000 00498ntaaa2200193 4500
003 01
005 20251027202318.0
008 0714s1973 ag 01
040 _aAR-BaBN
_bspa
_cAR-BaBN
_eaacr
_dRIC
082 _a280.1000 V82
100 _aVisser'T Hooft, W.A.
_911757
245 _aThe pressure of our common calling
250 _a1 ed.
260 _aLondon :
_bSCM Press,
_cc1959
300 _a90 p
500 _aEstudio del movimiento ecuménico actual
650 _aecumenismo
942 _cBK
999 _c17948
_d17948